[Event "Moratalaz op 22nd"]
[Site "Madrid"]
[Date "2009.09.17"]
[Round "2"]
[White "Hernandez Carmenates, Holden"]
[Black "Toranzo Fernandez, Dionisio"]
[Result "1-0"]
[WhiteElo "2561"]
[BlackElo "2024"]
[PlyCount "103"]
[EventDate "2009.09.16"]
[EventType "swiss"]
[EventRounds "9"]
[EventCountry "ESP"]
[SourceTitle "CBM 132 Extra"]
[Source "ChessBase"]
[SourceDate "2009.11.03"]
[SourceVersion "1"]
[SourceVersionDate "2009.11.03"]
[SourceQuality "1"]

1. e4 c6 2. d4 d5 3. exd5 cxd5 4. c4 Nf6 5. Nc3 e6 6. Nf3 Be7 7. cxd5 Nxd5 8. Bd3 Nc6 9. 0-0 0-0 10. a3 Nf6 11. Bg5 b6 12. Qe2 Bb7 13. Rad1 Nd5 14. Qe4 g6 15. Qh4 Re8 16. Rfe1 Rc8 17. Nxd5 exd5 18. Bb5 Rc7 19. Re3 Bxg5 20. Nxg5 h5 21. Rxe8+ Qxe8 22. Nf3 Qe7 23. Qf4 a6 24. Re1 Qd8 25. Bxc6 Rxc6 26. h4 Bc8 27. Ne5 Qf6 28. Qxf6 Rxf6 29. Rc1 Bf5 30. f3 Rd6 31. Rc7 Be6 32. Kf2 a5 33. Ke3 Kg7 34. Kf4 Kf6 35. g4 hxg4 36. fxg4 Rd8 37. Rc6 b5 38. Rb6 b4 39. axb4 axb4 40. Rxb4 Rc8 41. Rb6 Rc1 42. g5+ Ke7 43. Rb7+ Ke8 44. Nd3 Rf1+ 45. Ke5 Rh1 46. b4 Kd8 47. Kd6 Kc8 48. Rc7+ Kd8 49. Ra7 Kc8 50. Ne5 Rb1 51. Nc6 Rc1 52. Rc7# 1-0

[Event "Galapagar op 10th"]
[Site "Galapagar"]
[Date "2009.07.19"]
[Round "2"]
[White "Toranzo Fernandez, Dionisio"]
[Black "Gomez Garrido, Camilo Ernesto"]
[Result "0-1"]
[WhiteElo "2045"]
[BlackElo "2461"]
[PlyCount "42"]
[EventDate "2009.07.18"]
[EventType "swiss"]
[EventRounds "9"]
[EventCountry "ESP"]
[SourceTitle "EXT 2010"]
[Source "ChessBase"]
[SourceDate "2010.11.25"]
[SourceVersion "1"]
[SourceVersionDate "2010.11.25"]
[SourceQuality "1"]

1. Nf3 d5 2. d4 c6 3. c4 e6 4. Qc2 Nf6 5. g3 Nbd7 6. Bg2 b5 7. cxb5 cxb5 8. 0-0 Bb7 9. Qb3 Qb6 10. Bf4 Nh5 11. Rc1 Nxf4 12. gxf4 Bd6 13. e3 h6 14. Nc3 a6 15. h3 g5 16. fxg5 hxg5 17. Nxg5 Ke7 18. f4 Rag8 19. Kf2 Bxf4 20. exf4 Qxd4+ 21. Kf3 Ne5+ 0-1

[Event "Mostoles Bicentenary op"]
[Site "Mostoles"]
[Date "2008.05.30"]
[Round "9"]
[White "Estrada Martinez, Cesar"]
[Black "Toranzo Fernandez, Dionisio"]
[Result "1-0"]
[WhiteElo "2247"]
[BlackElo "2051"]
[PlyCount "73"]
[EventDate "2008.05.20"]
[EventType "swiss"]
[EventRounds "9"]
[EventCountry "ESP"]
[SourceTitle "EXT 2009"]
[Source "ChessBase"]
[SourceDate "2008.11.26"]
[SourceVersion "1"]
[SourceVersionDate "2008.11.26"]
[SourceQuality "1"]

1. Nf3 Nf6 2. c4 e6 3. d4 Bb4+ 4. Bd2 a5 5. a3 Bxd2+ 6. Nbxd2 d6 7. e4 e5 8. h3 0-0 9. Bd3 c5 10. d5 Nh5 11. g3 g6 12. Qe2 Ng7 13. g4 f6 14. 0-0-0 Bd7 15. Rdg1 Na6 16. Nb1 a4 17. Nc3 Qa5 18. h4 Rfc8 19. h5 g5 20. h6 Ne8 21. Qd2 Qd8 22. Rh5 Qe7 23. Nd1 b5 24. Ne3 bxc4 25. Bxc4 Nac7 26. Nf5 Bxf5 27. gxf5 Kh8 28. Nxg5 fxg5 29. Rhxg5 Nf6 30. Rg7 Qf8 31. Qe3 Rab8 32. f4 Nce8 33. fxe5 dxe5 34. Qg3 Rc7 35. Rxc7 Nxc7 36. Qg7+ Qxg7 37. hxg7+ 1-0

[Event "Mostoles Bicentenary op"]
[Site "Mostoles"]
[Date "2008.05.22"]
[Round "3"]
[White "Toranzo Fernandez, Dionisio"]
[Black "Dolezal, Cristian"]
[Result "0-1"]
[WhiteElo "2011"]
[BlackElo "2436"]
[PlyCount "72"]
[EventDate "2008.05.20"]
[EventType "swiss"]
[EventRounds "9"]
[EventCountry "ESP"]
[SourceTitle "CBM 124 Extra"]
[Source "ChessBase"]
[SourceDate "2008.07.03"]
[SourceVersion "1"]
[SourceVersionDate "2008.07.03"]
[SourceQuality "1"]

1. Nf3 g6 2. d4 Bg7 3. c4 c5 4. e4 d6 5. dxc5 dxc5 6. Qxd8+ Kxd8 7. Nc3 Bxc3+ 8. bxc3 b6 9. Bf4 Nc6 10. Ne5 Nxe5 11. Bxe5 f6 12. Bf4 e5 13. Be3 Ne7 14. Bh6 Rg8 15. f4 Nc6 16. Be2 Be6 17. 0-0-0+ Ke7 18. h4 exf4 19. Bxf4 Rad8 20. Rd5 Bxd5 21. cxd5 Ne5 22. Kc2 h5 23. Rb1 Nf7 24. Be3 Nd6 25. Kd3 Rde8 26. c4 Kd7 27. Bf3 f5 28. exf5 Rxe3+ 29. Kxe3 Nxf5+ 30. Kf4 Nxh4 31. Kg5 Nxf3+ 32. gxf3 Rf8 33. Rf1 h4 34. f4 h3 35. Kxg6 h2 36. f5 Rg8+ 0-1

[Event "Moratalaz op 20th"]
[Site "Madrid"]
[Date "2007.09.17"]
[Round "3"]
[White "Toranzo Fernandez, Dionisio"]
[Black "Madina Yadarola, Martin"]
[Result "0-1"]
[WhiteElo "2022"]
[BlackElo "2344"]
[PlyCount "100"]
[EventDate "2007.09.15"]
[EventType "swiss"]
[EventRounds "9"]
[EventCountry "ESP"]
[SourceTitle "EXT 2008"]
[Source "ChessBase"]
[SourceDate "2007.11.25"]
[SourceVersion "1"]
[SourceVersionDate "2007.11.25"]
[SourceQuality "1"]

1. Nf3 g6 2. d4 Bg7 3. c4 d6 4. g3 Nf6 5. Bg2 0-0 6. 0-0 c6 7. Nc3 Qa5 8. Qd2 h6 9. b3 Qh5 10. Bb2 Bh3 11. Rfe1 Nbd7 12. e4 Rad8 13. Nh4 Bxg2 14. Kxg2 e6 15. h3 a6 16. a4 Nh7 17. Qd1 Qa5 18. Na2 Qc7 19. Qc2 Qc8 20. Qe2 Rde8 21. Red1 g5 22. Nf3 f5 23. e5 dxe5 24. Nxe5 f4 25. Kg1 fxg3 26. fxg3 c5 27. Nxd7 Qxd7 28. dxc5 Qc7 29. Kg2 Qc6+ 30. Kh2 Bxb2 31. Qxb2 Rf3 32. Rf1 Ref8 33. Rxf3 Qxf3 34. Qc2 Qe3 35. Qg6+ Kh8 36. Rg1 Rf2+ 37. Rg2 Qf3 38. Rxf2 Qxf2+ 39. Kh1 Nf6 40. Qxh6+ Kg8 41. Qg6+ Kf8 42. Qd3 Qxa2 43. Qd6+ Kf7 44. Qc7+ Kg6 45. Qxb7 Qb1+ 46. Kg2 Qc2+ 47. Kf3 Qd3+ 48. Kg2 Qe2+ 49. Kh1 Ne4 50. Qa8 Qf1+ 0-1

[Event "Patrimonio op 1st"]
[Site "Alcala de Henares"]
[Date "2006.10.07"]
[Round "1"]
[White "Martinez Martin, David"]
[Black "Toranzo Fernandez, Dionisio"]
[Result "1-0"]
[WhiteElo "2415"]
[BlackElo "1989"]
[PlyCount "73"]
[EventDate "2006.10.07"]
[EventType "swiss"]
[EventRounds "9"]
[EventCountry "ESP"]
[SourceTitle "CBM 114 Extra"]
[Source "ChessBase"]
[SourceDate "2006.11.03"]
[SourceVersion "1"]
[SourceVersionDate "2006.11.03"]
[SourceQuality "1"]

1. d4 Nf6 2. c4 e6 3. Nc3 Bb4 4. e3 c5 5. Nge2 d5 6. cxd5 Nxd5 7. a3 Ba5 8. dxc5 Nxc3 9. Qxd8+ Kxd8 10. Bd2 Nd7 11. Nxc3 Nxc5 12. Bc4 Bc7 13. b4 Nd7 14. Rc1 Ke7 15. Be2 a6 16. Nd5+ exd5 17. Rxc7 Kd6 18. Rc1 b6 19. 0-0 Bb7 20. Rfd1 Rhc8 21. Bc3 g6 22. e4 Ke6 23. Bg4+ Kd6 24. exd5 f5 25. Be2 b5 26. f4 Bxd5 27. Bf3 Nb6 28. Rd3 Ke6 29. Rxd5 Nxd5 30. Re1+ Kd6 31. Be5+ Kc6 32. Rc1+ Kd7 33. Rd1 Ra7 34. Rxd5+ Ke6 35. Rd6+ Ke7 36. h4 a5 37. Rb6 1-0